000 00737nam a22002777a 4500
001 075
003 DO-SdBNP
005 20180131104910.0
007 075
008 151005b1974 sp 00| 0 spa d
020 _a8421704362
040 _aBPMSU
_bspa
_cBPMSU
092 _aXXXX
_bXXXX
100 1 _aSimenon, Georges
240 1 0 _aLe coup de lune /
_lfre
245 1 0 _aMal de luna /
_cGeorges Simenon ; traducción Carmen Soler Blanch
260 _aBarcelona :
_bLuis de Caralt Editor,
_c1974.
300 _a191 p. :
_c18 cm.
490 1 _aEl observador
_v13
700 1 2 _aSoler Blanch, Carmen
_etrad.
830 0 _aEl observador
_n13
910 _a202
942 _2ddc
_cBK
945 _aInventariado, 2018 / BT
956 _aYngrid Lockward
999 _c8503
_d8503